| 000 | 00788nam a2200217Ia 4500 | ||
|---|---|---|---|
| 999 |
_c40052 _d40052 |
||
| 001 | 6658 | ||
| 003 | GE_BSU | ||
| 005 | 20191209152724.0 | ||
| 008 | 181216s1977||||ge |||||||||||||| ||geo|| | ||
| 040 | _cGE_BSU | ||
| 041 | _ageo | ||
| 080 | _a821.353.1-1 გ-26 | ||
| 100 |
_aგეგეჭკორი, გივი _95711 |
||
| 245 |
_aმსახური : _bლექსები / _cგივი გეგეჭკორი ; რედ. გრიგოლ ჯულუხიძე. |
||
| 264 |
_aთბილისი : _bმერანი, _c1977. |
||
| 300 |
_a70 გვ. ; _c17 სმ. |
||
| 653 | _aლექსები | ||
| 653 | _aმსახური | ||
| 700 |
_aჯულუხიძე, გრიგოლ _eრედაქტორი _94387 |
||
| 942 |
_cBK _2udc |
||